Miasta w Polsce, w którym byłem ja (PolskiGeograf123) - Statystyki

Ogólne statystyki
  • Ten quiz został rozwiązany 10 razy
  • Średni wynik to 17 z 37
Statystyki odpowiedzi
Województwo Miasto % Poprawnych
Małopolskie Kraków
100%
Małopolskie Tarnów
89%
Małopolskie Nowy Sącz
78%
Podkarpackie Rzeszów
78%
Małopolskie Zakopane
78%
Małopolskie Bochnia
67%
Podkarpackie Krosno
67%
Podkarpackie Dębica
56%
Podkarpackie Jasło
56%
Podkarpackie Sanok
56%
Podkarpackie Ustrzyki Dolne
56%
Małopolskie Wieliczka
56%
Małopolskie Brzesko
44%
Podkarpackie Brzozów
44%
Małopolskie Gorlice
44%
Śląskie Jaworzno
44%
Podkarpackie Lesko
44%
Podkarpackie Mielec
44%
Małopolskie Piwniczna-Zdrój
44%
Podkarpackie Ropczyce
44%
Podkarpackie Sędziszów Małopolski
44%
Małopolskie Stary Sącz
44%
Małopolskie Biecz
33%
Podkarpackie Głogów Małopolski
33%
Małopolskie Krynica-Zdrój
33%
Śląskie Mysłowice
33%
Podkarpackie Pilzno
33%
Podkarpackie Strzyżów
33%
Podkarpackie Zagórz
33%
Małopolskie Bobowa
22%
Podkarpackie Kołaczyce
22%
Małopolskie Ryglice
22%
Małopolskie Tuchów
22%
Małopolskie Wojnicz
22%
Małopolskie Zator
22%
Podkarpackie Brzostek
11%
Podkarpackie Przecław
11%
Nie znaleziono quizów pasujących do podanych kryteriów
Rozkład punktacji
Procent ludzi z każdym wynikiem
Percentyl według liczby udzielonych odpowiedzi
Twoja historia wyników
Nie rozwiązałeś tego quizu